| 000 | 00687nam a22002297a 4500 | ||
|---|---|---|---|
| 005 | 20170124110001.0 | ||
| 010 | _aA-071988 | ||
| 020 | _c00.00 | ||
| 035 | _aA-071988 | ||
| 037 | _bCen Lib/Ret | ||
| 040 |
_aDPL _bEN |
||
| 082 |
_a362.20941 _bNEW |
||
| 245 |
_aNew methods of mental health care / _cedited by Molly Meacher |
||
| 260 |
_aOxford _bPergamon Press _c1979 |
||
| 270 |
_aHeadington Hill Hall _bEngland |
||
| 300 |
_axv, 233p. _c20cm(Hb) |
||
| 500 | _aIncludes index | ||
| 650 |
_aMental health services-Great Britain _915834 |
||
| 650 |
_aMentally ill--Rehabilitation _915835 |
||
| 700 |
_aMeacher,Molly _985319 |
||
| 942 |
_2ddc _cEN _h362.20941 _mNEW |
||
| 999 |
_c125876 _d125876 |
||